A 5th Portion of Chicken Soup for the Soul (Record no. 84199)

MARC details
000 -LEADER
fixed length control field 00619nam a2200193Ia 4500
008 - FIXED-LENGTH DATA ELEMENTS--GENERAL INFORMATION
fixed length control field 230125s9999 xx 000 0 und d
020 ## - INTERNATIONAL STANDARD BOOK NUMBER
International Standard Book Number 81-87671-11-4
041 ## - LANGUAGE CODE
Language code of text/sound track or separate title eng
082 ## - DEWEY DECIMAL CLASSIFICATION NUMBER
Classification number 823
Item number BAG
100 ## - MAIN ENTRY--PERSONAL NAME
Personal name Canfield J
9 (RLIN) 106710
245 ## - TITLE STATEMENT
Title A 5th Portion of Chicken Soup for the Soul
260 ## - PUBLICATION, DISTRIBUTION, ETC. (IMPRINT)
Date of publication, distribution, etc. 2000
Name of publisher, distributor, etc. Westland Publications
Place of publication, distribution, etc. New Delhi
300 ## - PHYSICAL DESCRIPTION
Extent 390p
440 ## - SERIES STATEMENT/ADDED ENTRY--TITLE
Title Chicken Soup for the Soul Series Book
9 (RLIN) 106711
500 ## - GENERAL NOTE
Keywords Literature;Short stories;English Literature;Series Book;Chicken Soup for the Soul Series Book
650 ## - SUBJECT ADDED ENTRY--TOPICAL TERM
Topical term or geographic name as entry element General
9 (RLIN) 106712
700 ## - ADDED ENTRY--PERSONAL NAME
Personal name Canfield J
9 (RLIN) 106710
Holdings
Withdrawn status Lost status Damaged status Not for loan Home library Current library Date acquired Vendor Cost, normal purchase price Total Checkouts Full call number Barcode Date last seen Cost, replacement price Bill Date Koha item type Original Barcode
        Smt. Hiraben Nanavati Institute of Management & Research for Women Smt. Hiraben Nanavati Institute of Management & Research for Women 29/03/2001 Living Media 150.00   823 BAG B02505 HIMR-BK-2505 25/01/2023 150.00 29/03/2001 Books B02505